<?xml version="1.0" encoding="UTF-8"?>
<record
    xmlns:xsi="http://www.w3.org/2001/XMLSchema-instance"
    xsi:schemaLocation="http://www.loc.gov/MARC21/slim http://www.loc.gov/standards/marcxml/schema/MARC21slim.xsd"
    xmlns="http://www.loc.gov/MARC21/slim">

  <leader>00906nam a2200241   4500</leader>
  <controlfield tag="003">MX-LbUP</controlfield>
  <controlfield tag="005">20240923121041.0</controlfield>
  <controlfield tag="008">230427b        mx |||||||||| 00| ||spa d</controlfield>
  <datafield tag="040" ind1=" " ind2=" ">
    <subfield code="c">MX-LbUP</subfield>
  </datafield>
  <datafield tag="050" ind1="1" ind2="4">
    <subfield code="a">QH308.2</subfield>
    <subfield code="b">K56 2008</subfield>
  </datafield>
  <datafield tag="100" ind1="1" ind2=" ">
    <subfield code="9">12642</subfield>
    <subfield code="a">Starr, Cecie</subfield>
    <subfield code="e">autor</subfield>
  </datafield>
  <datafield tag="240" ind1="1" ind2="0">
    <subfield code="a">Biology.</subfield>
    <subfield code="l">Espa&#xF1;ol</subfield>
  </datafield>
  <datafield tag="245" ind1="1" ind2="0">
    <subfield code="a">Biolog&#xED;a :</subfield>
    <subfield code="b">la unidad y diversidad de la vida /</subfield>
    <subfield code="c">Cecie Starr, Ralph Taggart ; traducci&#xF3;n, Jos&#xE9; C. Pecina Hern&#xE1;ndez... [y otros.]</subfield>
  </datafield>
  <datafield tag="250" ind1=" " ind2=" ">
    <subfield code="a">11a. ed.</subfield>
  </datafield>
  <datafield tag="260" ind1=" " ind2=" ">
    <subfield code="a">M&#xE9;xico :</subfield>
    <subfield code="b">International Thomson,</subfield>
    <subfield code="c">c2008</subfield>
  </datafield>
  <datafield tag="300" ind1=" " ind2=" ">
    <subfield code="a">xxxi, 916 p&#xE1;ginas :</subfield>
    <subfield code="b">ilustraciones ;</subfield>
    <subfield code="c">28 cm.</subfield>
  </datafield>
  <datafield tag="500" ind1=" " ind2=" ">
    <subfield code="a">Incluye &#xED;ndice.</subfield>
  </datafield>
  <datafield tag="650" ind1=" " ind2="0">
    <subfield code="9">6599</subfield>
    <subfield code="a">Biolog&#xED;a</subfield>
  </datafield>
  <datafield tag="700" ind1="1" ind2=" ">
    <subfield code="9">12644</subfield>
    <subfield code="a">Taggart, Ralph</subfield>
    <subfield code="e">coautor</subfield>
  </datafield>
  <datafield tag="700" ind1="1" ind2=" ">
    <subfield code="9">8720</subfield>
    <subfield code="a">Pecina Hern&#xE1;ndez, Jos&#xE9; Carmen</subfield>
    <subfield code="e">traductor</subfield>
  </datafield>
  <datafield tag="856" ind1=" " ind2=" ">
    <subfield code="3">Tabla de contenido</subfield>
    <subfield code="u">https://www.unpa.edu.mx/bibliotecas/images/portadas/Tablas%20de%20contenido/6740.pdf</subfield>
  </datafield>
  <datafield tag="942" ind1=" " ind2=" ">
    <subfield code="2">lcc</subfield>
    <subfield code="c">LB</subfield>
  </datafield>
  <datafield tag="999" ind1=" " ind2=" ">
    <subfield code="c">6717</subfield>
    <subfield code="d">6717</subfield>
  </datafield>
  <datafield tag="952" ind1=" " ind2=" ">
    <subfield code="0">0</subfield>
    <subfield code="1">0</subfield>
    <subfield code="2">lcc</subfield>
    <subfield code="4">0</subfield>
    <subfield code="7">0</subfield>
    <subfield code="a">UNPATX</subfield>
    <subfield code="b">UNPATX</subfield>
    <subfield code="d">2023-08-14</subfield>
    <subfield code="i">TX004619</subfield>
    <subfield code="l">0</subfield>
    <subfield code="o">QH308.2 K56 2008</subfield>
    <subfield code="p">TX004619</subfield>
    <subfield code="r">2023-08-14 10:46:32</subfield>
    <subfield code="t">Ej. 1</subfield>
    <subfield code="w">2023-08-14</subfield>
    <subfield code="y">LB</subfield>
  </datafield>
</record>
